• 首页
  • 本馆介绍
  • 公告通知
  • 最新文献
  • 馆藏检索
  • 电子资源
  • 读者导购
  • 参考咨询
  • 我的图书馆
  • 登录
  • 详细信息显示
  • 放入我的书架
  • 预约/预借图书
  • 作者相关作品
  • 分类相关作品
  • 丛书相关作品
  • 出版社相关作品

书目信息

  • 表格格式
  • 工作单格式
  • 卡片格式
题名:
中国物流学术前沿报告
    
 
作者: 丁俊发 主编
分册: 2007~2008  
出版信息: 北京   中国物资出版社  2007.11
页数: 707页
开本: 26cm
丛书名:
单 册:
中图分类: F259.22
科图分类:
主题词: 物流--研究报告--中国--2007~2008 , 物流
电子资源:
ISBN: 978-7-5047-2736-7
000 00896nam0 2200253 450
001 003373698
005 20091207094501.91
010    @a978-7-5047-2736-7@dCNY160.00
100    @a20070228d2007 em y0chiy0110 ea
101 0  @achi
102    @aCN@b110000
105    @aak z 000yd
106    @ar
200 1  @a中国物流学术前沿报告@9zhong guo wu liu xue shu qian yan bao gao@h2007~2008@f丁俊发主编
210    @a北京@c中国物资出版社@d2007.11
215    @a707页@c图@d26cm
330    @a本书内容主要包括;物流经济、物流服务、供应链管理、行业物流、区域物流、农产品物流、物流技术、物流设施及设备、物流金融、应急物流与逆向物流等。
510 1  @aChina logistics academy frontier report@zeng
606 0  @a物流@x研究报告@y中国@z2007~2008
606 0  @a物流
690    @aF259.22@v4
701  0 @a丁俊发@9ding jun fa@4主编
801  0 @aCN@bNLC@c20091207
905    @b20796742-44@dF259.22@e126(07-08)@f3
    
    中国物流学术前沿报告.2007~2008/丁俊发主编.-北京:中国物资出版社,2007.11
    707页:图;26cm
    
    
    ISBN 978-7-5047-2736-7:CNY160.00
    本书内容主要包括;物流经济、物流服务、供应链管理、行业物流、区域物流、农产品物流、物流技术、物流设施及设备、物流金融、应急物流与逆向物流等。
●
相关链接 在E读中查询图书 在五车中查询图书 在当当中查询图书 在豆瓣中查询图书


正题名:中国物流学术前沿报告     索取号:F259.22/126(07-08)         预约/预借

序号 登录号 条形码 馆藏地/架位号 状态 备注
1 796742   207967422   第一样本阅览室/ [索取号:F259.22/126(07-08)] 在馆    
2 796743   207967431   第一借阅区/ [索取号:F259.22/126(07-08)] 在馆    
3 796744   207967440   第一借阅区/ [索取号:F259.22/126(07-08)] 在馆    
唐山师范学院图书馆 欢迎您!
大连网信软件有限公司© 版权所有